[Event "RSA-chT U08"]
[Site "Cape Town"]
[Date "2016.01.04"]
[Round "1.6"]
[White "Visagie, Clayton"]
[Black "Kruger, Shaunnah"]
[Result "1-0"]
[WhiteElo "505"]
[BlackElo "709"]
[PlyCount "25"]
[EventDate "2016.01.04"]
[EventType "team-tourn"]
[EventRounds "7"]
[EventCountry "RSA"]
[SourceTitle "CBM 170 Extra"]
[Source "ChessBase"]
[SourceDate "2016.02.25"]
[SourceVersion "1"]
[SourceVersionDate "2016.02.25"]
[SourceQuality "1"]
[WhiteTeam "Ethekwini"]
[BlackTeam "Western Province"]
[WhiteTeamCountry "RSA"]
[BlackTeamCountry "RSA"]

1. Nf3 Nc6 2. e4 Nf6 3. Bc4 e5 4. Nxe5 Bd6 5. Nxf7 Qe7 6. Nxh8 Nxe4 7. 0-0 Qe5 8. Qh5+ g6 9. Qxe5+ Bxe5 10. Nxg6 hxg6 11. Bb5 d6 12. Re1 d5 13. f3 1-0